000 00214nam a22001097a 4500
082 _a001
_bDEM/M
245 _aMY ANIMAL KINGDOM
260 _aLONDON
_bDEAGISTINI
300 _a28
650 _aGK
_zLONDON
942 _cBK
999 _c6375
_d6375